vufinder Bibliothèque Municipale de Charleval de Provence
Se connecter

design pour les enfants (Le)

mobilier, accessoires et jouets

Book Cover
Auteur principal: Agata Toromanoff
D'autres auteurs: Pierre Toromanoff
Support: Livres
Langue: Francais
Publié: 2021 La Martinière Paris
Genre: Documentaire
Collection: Design-décoration
Sujets:
Étiquettes: Ajouter
Pas de Tags !

LEADER 01086nam0a2200229 450
001 16848282
010 |a 978-2-7324-9810-2  |b rel.  |d 24,9 € 
100 |a 20210426d2021 u u0frey01 ba 
101 1 |a fre  |c eng 
102 |a FR 
200 0 |a design pour les enfants (Le)  |e mobilier, accessoires et jouets  |f Agata Toromanoff  |g traduction française Pierre Toromanoff 
207 1 |a   
210 |a Paris  |c La Martinière  |d 2021 
215 |a 1 vol. (254 p.)  |c illustrations en couleur  |d 24 x 20 cm 
225 1 |a Design-décoration 
300 |a Index 
330 |a Un panorama de 250 objets conçus pour les enfants par les designers, tels que des lits, des chaises, des jouets et des objets du quotidien. Les créateurs usent de couleurs et de formes originales pour trouver un équilibre entre fonctionnalité, sécurité et aspect ludique. Electre 2021 
700 0 |a Toromanoff  |b Agata  |4 70 
702 0 |a Toromanoff  |b Pierre  |4 730 
900 |a Documentaire 
901 |a Accessible au prêt 
995 |a Bibliothèque  |c Bibliothèque  |f 00156011079811  |h 00156011079811  |k 745.4 TOR  |o p  |q a  |r az  |e Bibliothèque 

Options de recherche

Historique de recherche
Recherche avancée

Trouver plus

Nouveautés

Besoin d'aide ?

Contacter un bibliothécaire